[Event "GRE-chT Online Rapid op 1st"]
[Site "Tornelo INT"]
[Date "2021.02.21"]
[Round "5.32"]
[White "Samartzidis, Dimitrios"]
[Black "Pitsiladis, Nikolaos"]
[Result "1-0"]
[WhiteElo "1208"]
[BlackElo "1941"]
[PlyCount "57"]
[EventDate "2021.02.20"]
[EventType "team-swiss (rapid)"]
[EventRounds "9"]
[EventCountry "GRE"]
[SourceTitle "EXT 2023"]
[Source "ChessBase"]
[SourceDate "2022.10.05"]
[SourceVersion "1"]
[SourceVersionDate "2022.10.05"]
[SourceQuality "1"]

1. e4 Nf6 2. Nc3 d5 3. exd5 Nxd5 4. Bc4 Nxc3 5. bxc3 e6 6. Nf3 Be7 7. 0-0 0-0 8. d4 Nd7 9. Re1 c5 10. Bf4 Qa5 11. Re3 Nb6 12. Bc7 Bd8 13. Bxb6 axb6 14. Rb1 Bd7 15. Ne5 Bc6 16. Qg4 Bd5 17. Bxd5 exd5 18. Nd7 Qxa2 19. Rbe1 f5 20. Qe2 Bg5 21. Re6 Rfd8 22. Nxb6 Rab8 23. Qh5 h6 24. h4 Bd2 25. Rf1 Bxc3 26. Re7 Bxd4 27. Qf7+ Kh8 28. Qxf5 Rf8 29. Qg6 1-0

[Event "Plomari op 1st"]
[Site "Plomari"]
[Date "2019.07.25"]
[Round "9"]
[White "Rychagov, Andrey"]
[Black "Pitsiladis, Nikolaos"]
[Result "1-0"]
[WhiteElo "2537"]
[BlackElo "1924"]
[PlyCount "77"]
[EventDate "2019.07.18"]
[EventType "swiss"]
[EventRounds "9"]
[EventCountry "GRE"]
[SourceTitle "EXT 2020"]
[Source "ChessBase"]
[SourceDate "2019.10.17"]
[SourceVersion "1"]
[SourceVersionDate "2019.10.17"]
[SourceQuality "1"]

1. d4 Nf6 2. c4 g6 3. Nc3 d5 4. cxd5 Nxd5 5. e4 Nxc3 6. bxc3 Bg7 7. Bg5 c5 8. Rc1 Qa5 9. Qd2 h6 10. Be3 cxd4 11. cxd4 Qxd2+ 12. Kxd2 0-0 13. Bd3 Nc6 14. Ne2 Rd8 15. Rc4 Bd7 16. Rhc1 a5 17. Rc5 e6 18. Rb5 Nxd4 19. Nxd4 Bxd4 20. Rxb7 Bxe3+ 21. Kxe3 Be8 22. Rcc7 Rac8 23. Ba6 Rxc7 24. Rxc7 Rd6 25. Ra7 Kg7 26. Be2 a4 27. Ra8 Bd7 28. Rd8 Kf6 29. Bb5 Ke7 30. Rxd7+ Rxd7 31. Bxd7 Kxd7 32. Kd4 Kc6 33. Kc4 f5 34. Kb4 a3 35. Kxa3 Kc5 36. exf5 gxf5 37. Kb3 e5 38. Kc3 e4 39. g3 1-0

[Event "Plomari op 1st"]
[Site "Plomari"]
[Date "2019.07.22"]
[Round "6"]
[White "Nikolaidis, Ioannis"]
[Black "Pitsiladis, Nikolaos"]
[Result "1-0"]
[WhiteElo "2534"]
[BlackElo "1924"]
[PlyCount "33"]
[EventDate "2019.07.18"]
[EventType "swiss"]
[EventRounds "9"]
[EventCountry "GRE"]
[SourceTitle "EXT 2020"]
[Source "ChessBase"]
[SourceDate "2019.10.17"]
[SourceVersion "1"]
[SourceVersionDate "2019.10.17"]
[SourceQuality "1"]

1. d4 Nf6 2. c4 g6 3. Nc3 d5 4. cxd5 Nxd5 5. Bg5 Bg7 6. e3 c5 7. Rc1 Nc6 8. Nxd5 Qxd5 9. Rxc5 Qxa2 10. Qc1 Bd7 11. Ne2 Qb3 12. Qd2 e5 13. d5 Nb4 14. Nc1 Qa4 15. Be2 0-0 16. Bd1 Qa6 17. Qxb4 1-0

[Event "Plomari op 1st"]
[Site "Plomari"]
[Date "2019.07.20"]
[Round "3"]
[White "Pitsiladis, Nikolaos"]
[Black "Kotronias, Vasilios"]
[Result "0-1"]
[WhiteElo "1924"]
[BlackElo "2462"]
[PlyCount "100"]
[EventDate "2019.07.18"]
[EventType "swiss"]
[EventRounds "9"]
[EventCountry "GRE"]
[SourceTitle "EXT 2020"]
[Source "ChessBase"]
[SourceDate "2019.10.17"]
[SourceVersion "1"]
[SourceVersionDate "2019.10.17"]
[SourceQuality "1"]

1. d4 Nf6 2. c4 g6 3. Nc3 Bg7 4. e4 d6 5. Be2 0-0 6. Be3 e5 7. d5 Na6 8. h3 Nc5 9. Qc2 c6 10. dxc6 bxc6 11. Rd1 Qe7 12. Bf3 Ne6 13. Nge2 c5 14. Nb5 Rd8 15. 0-0 Rb8 16. Bc1 a6 17. Nbc3 Nd4 18. Nxd4 exd4 19. Nd5 Nxd5 20. cxd5 Re8 21. Bf4 d3 22. Qxd3 Rxb2 23. Rd2 Rb4 24. Rb1 a5 25. Rxb4 axb4 26. Rc2 Bd7 27. Qa6 Be5 28. Bxe5 Qxe5 29. Re2 Qa1+ 30. Kh2 b3 31. Qxd6 Bb5 32. axb3 Bxe2 33. Bxe2 Rxe4 34. Bc4 Re1 35. Kg3 Qc3+ 36. Kh2 Qd4 37. Qg3 Kg7 38. Qf3 h5 39. g3 Qe4 40. Qxe4 Rxe4 41. Kg2 g5 42. Kf3 Rd4 43. Ke3 h4 44. g4 Kf6 45. Kf3 Ke5 46. Ke3 Rf4 47. f3 Rd4 48. Ke2 Kf4 49. Kf2 Rd2+ 50. Ke1 Ke3 0-1